• 首页
  • 本馆介绍
  • 公告通知
  • 最新文献
  • 馆藏检索
  • 电子资源
  • 读者导购
  • 参考咨询
  • 我的图书馆
  • 登录
  • 详细信息显示
  • 放入我的书架
  • 预约/预借图书
  • 作者相关作品
  • 分类相关作品
  • 丛书相关作品
  • 出版社相关作品

书目信息

  • 表格格式
  • 工作单格式
  • 卡片格式
题名:
彩色摄影实践
    
 
作者: 张雅心 著
分册:  
出版信息: 北京   长城出版社  1983
页数: 77页
开本: 19cm
丛书名:
单 册:
中图分类: TB861
科图分类:
主题词: 彩色摄影
电子资源:
ISBN:
000 00578nam0 2200229 45
001 0183000318
005 20060815111741.21
010    @dCNY0.95
091    @a8269.27
100    @a19950413d1983 em y0chiy0121 ea
101 0  @achi
102    @aCN@b110000
105    @ac z 000yy
200 10 @a彩色摄影实践@Acai se she ying shi jian@f张雅心著
210    @a北京@c长城出版社@d1983
215    @a77页@c照片@d19cm
606    @a彩色摄影
690    @aTB861@v3
701  0 @a张雅心@Azhang ya xin@4著
801  2 @aCN@bNLC@c20060815
801  0 @aCN@bTSSF
905    @a10447@dTB861@e128
    
    彩色摄影实践/张雅心著.-北京:长城出版社,1983
    77页:照片;19cm
    
    
    ISBN :CNY0.95
    
●
相关链接 在E读中查询图书 在五车中查询图书 在当当中查询图书 在豆瓣中查询图书


正题名:彩色摄影实践     索取号:TB861/128         预约/预借

序号 登录号 条形码 馆藏地/架位号 状态 备注
1 0458499   204584994   密集书库/ [索取号:TB861/128] 在馆    
唐山师范学院图书馆 欢迎您!
大连网信软件有限公司© 版权所有